Vida del pueblo norteamericano / (Record no. 61890)

MARC details
000 -LEADER
campo de control de longitud fija 00980nam a2200253 i 4500
001 - NÚMERO DE CONTROL
campo de control 61890
003 - IDENTIFICADOR DE NÚMERO DE CONTROL
campo de control ES-MaACL
005 - FECHA Y HORA DE LA ÚLTIMA TRANSACCIÓN
campo de control 20250831014814.0
008 - DATOS DE LONGITUD FIJA--INFORMACIÓN GENERAL
campo de control de longitud fija 031114s1944 sp f |||| | spa d
100 1# - ENTRADA PRINCIPAL--NOMBRE DE PERSONA
Nombre de persona Faulkner, Harold Underwood.
9 (RLIN) 48946
245 10 - MENCIÓN DEL TÍTULO
Título Vida del pueblo norteamericano /
Mención de responsabilidad, etc. Harold Underwood Faulkner, Tyler Kepner, Hall Bartlett ; versión española de Ernestina de Champourcin.
250 ## - MENCION DE EDICION
Mención de edición 2ª ed. española.
260 ## - PUBLICACIÓN, DISTRIBUCIÓN, ETC.
Lugar de publicación, distribución, etc. México :
Nombre del editor, distribuidor, etc. Fondo de Cultura Económica,
Fecha de publicación, distribución, etc. [1944] (
Fabricante Gráf. Panamericana)
300 ## - DESCRIPCIÓN FÍSICA
Extensión 398 p., 17 lám. ;
Dimensiones 25 cm.
490 1# - MENCIÓN DE SERIE
Mención de serie Colección de obras históricas
651 #4 - PUNTO DE ACCESO ADICIONAL DE MATERIA--NOMBRE GEOGRÁFICO
Nombre geográfico Estados Unidos-
Subdivisión general Historia
9 (RLIN) 8540
651 #4 - PUNTO DE ACCESO ADICIONAL DE MATERIA--NOMBRE GEOGRÁFICO
Nombre geográfico Estados Unidos-
Subdivisión general Situación económica
9 (RLIN) 8572
700 1# - ENTRADA AGREGADA--NOMBRE PERSONAL
Nombre de persona Champourcin, Ernestina de,
Fechas asociadas al nombre 1905-1999
9 (RLIN) 37933
700 1# - ENTRADA AGREGADA--NOMBRE PERSONAL
Nombre de persona Kepner, Tyler.
9 (RLIN) 67880
700 1# - ENTRADA AGREGADA--NOMBRE PERSONAL
Nombre de persona Bartlett, Hall.
9 (RLIN) 26139
830 0# - PUNTO DE ACCESO ADICIONAL DE SERIE-TÍTULO UNIFORME
Título uniforme Colección de obras históricas
9 (RLIN) 230616
852 ## - LOCALIZACIÓN
Ubicación ES-MaACL
Número de control de estantería B-4411
Holdings
Estatus retirado Estado de pérdida Estado de daño No para préstamo Biblioteca de origen Biblioteca actual Ubicación en estantería Fecha de adquisición Fuente de adquisición Total de préstamos Signatura topográfica completa Código de barras Visto por última vez Precio de reemplazo Tipo de ítem Koha
        Biblioteca del Ateneo de Madrid Biblioteca del Ateneo de Madrid Sala Pardo Bazán 17/01/2008     B-4411 1064890 23/02/2023 23/02/2023 Libro impreso